Statistics for Survivor Heroes vs. Villains: Name Match

Click here to take the quiz!

General Stats

  • This quiz has been taken 9 times
  • The average score is 17 of 20

Answer Stats

HintAnswer% Correct
Parvati (Cook Islands, Micronesia)Shallow
100%
Tyson (Tocantins)Apostol
89%
James (China, Micronesia)Clement
89%
Sandra (Pearl Islands)Diaz-Twine
89%
Colby (The Australian Outback, All-Stars)Donaldson
89%
Cirie (Panama, Micronesia)Fields
89%
Russell (Samoa)Hantz
89%
Amanda (China, Micronesia)Kimmel
89%
Stephenie (Palau, Guatemala)LaGrossa
89%
Jerri (The Australian Outback, All-Stars)Manthey
89%
Boston Rob (Marquesas, All-Stars)Mariano
89%
J.T. (Tocantins)Thomas
89%
Coach (Tocantins)Wade
89%
Tom (Palau)Westman
89%
Randy (Gabon)Bailey
78%
Rupert (Pearl Islands, All-Stars)Boneham
78%
Danielle (Panama)DiLorenzo
78%
Sugar (Gabon)Kiper
78%
Candice (Cook Islands)Woodcock
78%
Courtney (China)Yates
78%

Score Distribution

Percentile by Number Answered

Percent of People with Each Score

Your Score History

You have not taken this quiz